| 000 | 00623nam a2200205 u 4500 | ||
|---|---|---|---|
| 005 | 20240517063655.0 | ||
| 008 | 160629s2007 ec r 000 0 spa d | ||
| 020 | _a9789978492468 | ||
| 035 | _aUPN01000211767 | ||
| 049 | _aI | ||
| 050 | 4 |
_aPZ78 _bP4.8 |
|
| 100 | 1 |
_aPeña Reyes, Jorge Luis, _d1977- _939386 |
|
| 245 | 1 | 1 |
_a¿Oíste hablar del miedo? / _cJorge Luis Peña Reyes, Helier Batista Hernández. |
| 260 |
_aQuito : _bLibresa, _c2007. |
||
| 300 |
_a24 p. : _bil. col. |
||
| 440 | 0 | _aGarabato | |
| 650 | 4 |
_aCUENTOS INFANTILES CUBANOS _911212 |
|
| 650 | 4 |
_aMiedo _vLiteratura infantil _912306 |
|
| 905 | _aInfantil | ||
| 999 |
_c183868 _d183868 |
||